ADVANCES IN GENETICS (Record no. 33696)

MARC details
000 -LEADER
fixed length control field 00268nam a22001337a 4500
003 - CONTROL NUMBER IDENTIFIER
control field SGT
082 ## - DEWEY DECIMAL CLASSIFICATION NUMBER
Classification number 576.5
Item number DEM
100 ## - MAIN ENTRY--PERSONAL NAME
Personal name DEMEREC M
245 ## - TITLE STATEMENT
Title ADVANCES IN GENETICS
260 ## - PUBLICATION, DISTRIBUTION, ETC. (IMPRINT)
Place of publication, distribution, etc U K
Name of publisher, distributor, etc ACADEMIC PRESS
Year of Publication 1947
300 ## - PAGE DESCRIPTION
No. of Pages 458
650 ## - SUBJECT ADDED ENTRY--TOPICAL TERM
Topical term or geographic name as entry element AG
942 ## - ADDED ENTRY ELEMENTS (KOHA)
Source of classification or shelving scheme Dewey Decimal Classification
Koha item type Rare Books
Holdings
Withdrawn status Lost status Source of classification or shelving scheme Damaged status Not for loan Home library Current library Date acquired SGTU Total Checkouts Full call number Accession No. (Barcode) Date last seen Bill Date Koha item type
    Dewey Decimal Classification     SGT Science & Social Sciences Library SGT Science & Social Sciences Library 29/01/2026 SGTU   576.5 DEM AG2721 29/01/2026 29/01/2026 Rare Books